000 00661cab a22001815a 4500
001 L152915
008 110516s2011 xxka f 000 0 eng d
035 _a(Sirsi) u152915
041 0 _aeng
245 0 0 _aStandard forms of partnering contracts
_bthe ultimate contractual commitment? Part 3
260 _c2011
490 _aCivil Engineering Surveyor
_vMay 2011, 35-39(5)
520 _aConsiders how the different standard forms of partnering contract address issues related to time; PPC2000, NEC3, Joint Contracts Tribunal; conclusions.
590 _aKA
651 4 _aUnited Kingdom
_y
690 _aBUILT ENVIRONMENT-CONSTRUCTION MANAGEMENT
942 _n0
999 _c83144
_d83144